首尔市下辖区地图 Districts of Seoul map - Statistics

General Stats
  • This quiz has been taken 66 times
  • The average score is 12 of 25
Answers on the Map
Answers color-coded by a green-red scale on the quiz's map according to % correct below.
 
Answer Stats
% Correct
江南区
98%
江北区
65%
东大门区
63%
江西区
63%
江东区
61%
中区
61%
瑞草区
55%
西大门区
53%
龙山区
53%
钟路区
49%
永登浦区
49%
铜雀区
47%
麻浦区
47%
九老区
45%
城东区
45%
衿川区
43%
城北区
43%
松坡区
43%
恩平区
37%
阳川区
37%
道峰区
35%
广津区
35%
冠岳区
33%
中浪区
33%
芦原区
31%
No matching quizzes found
Score Distribution
Percent of People with Each Score
Percentile by Number Answered
Your Score History
You have not taken this quiz